[Event "Klatovy op-B 29th"]
[Site "Klatovy"]
[Date "2023.07.07"]
[Round "7"]
[White "Souralova, Jana"]
[Black "Nova, Anezka"]
[Result "1-0"]
[WhiteElo "1386"]
[BlackElo "1481"]
[PlyCount "45"]
[EventDate "2023.07.01"]
[EventType "swiss"]
[EventRounds "9"]
[EventCountry "CZE"]
[SourceTitle "CBM 215 Extra"]
[Source "ChessBase"]
[SourceDate "2023.09.30"]
[SourceVersion "1"]
[SourceVersionDate "2023.09.30"]
[SourceQuality "1"]

1. e4 e6 2. d4 d5 3. Nc3 Bb4 4. exd5 Qxd5 5. a3 Bxc3+ 6. bxc3 Nf6 7. Nf3 0-0 8. Bd3 Nbd7 9. 0-0 b6 10. Be3 c5 11. c4 Qc6 12. Ne5 Nxe5 13. dxe5 Nd7 14. Qh5 g6 15. Qh4 Bb7 16. f3 Qc7 17. Bh6 Rfe8 18. Rae1 Rac8 19. Rf2 b5 20. Rd2 bxc4 21. Bxc4 Bd5 22. Bb5 Qd8 23. Qf4 1-0

[Event "CZE-ch U16 Girls"]
[Site "Teplice"]
[Date "2023.03.13"]
[Round "4"]
[White "Sterikova, Marketa"]
[Black "Souralova, Jana"]
[Result "1/2-1/2"]
[WhiteElo "1254"]
[BlackElo "1187"]
[PlyCount "61"]
[EventDate "2023.03.11"]
[EventType "swiss"]
[EventRounds "9"]
[EventCountry "CZE"]
[SourceTitle "CBM 213 Extra"]
[Source "ChessBase"]
[SourceDate "2023.05.31"]
[SourceVersion "1"]
[SourceVersionDate "2023.05.31"]
[SourceQuality "1"]

1. e4 e5 2. Nf3 Nc6 3. Bc4 Nf6 4. d3 Bc5 5. Nc3 d6 6. Bg5 h6 7. Be3 Bb6 8. h3 0-0 9. 0-0 Be6 10. Bb3 Qd7 11. Bxe6 Qxe6 12. Qd2 Bxe3 13. fxe3 Rad8 14. Rfe1 Ne7 15. d4 Ng6 16. d5 Qd7 17. Qd3 c6 18. Ne2 cxd5 19. exd5 Qc7 20. e4 Nh5 21. g3 Rc8 22. c3 Qd7 23. Kh2 f5 24. exf5 Qxf5 25. Qxf5 Rxf5 26. Rf1 Rf7 27. Nd2 Nf6 28. c4 Rcf8 29. Kg2 a6 30. Nc3 Rb8 31. b3 1/2-1/2

[Event "Oravska Priehrada op"]
[Site "Namestovo"]
[Date "2017.08.27"]
[Round "7"]
[White "Souralova, Jana"]
[Black "Sedlacek, Hugo"]
[Result "0-1"]
[WhiteElo "1000"]
[BlackElo "1002"]
[PlyCount "114"]
[EventDate "2017.08.25"]
[EventType "swiss"]
[EventRounds "7"]
[EventCountry "SVK"]
[SourceTitle "CBM 180 Extra"]
[Source "ChessBase"]
[SourceDate "2017.10.06"]
[SourceVersion "1"]
[SourceVersionDate "2017.10.06"]
[SourceQuality "1"]

1. e4 e5 2. Nf3 Nf6 3. Nc3 Nc6 4. Bb5 a6 5. Ba4 Bb4 6. Nd5 0-0 7. 0-0 d6 8. Nxf6+ Qxf6 9. d3 Bg4 10. Bg5 Bxf3 11. Bxf6 Bxd1 12. Bxc6 Be2 13. Bxb7 Bxf1 14. Bxa8 Rxa8 15. Rxf1 gxf6 16. c3 Ba5 17. b4 Bb6 18. a4 a5 19. b5 Rc8 20. d4 exd4 21. cxd4 Bxd4 22. Rd1 Bb6 23. h3 Re8 24. Re1 Re5 25. Kh1 d5 26. f3 dxe4 27. fxe4 f5 28. Rd1 fxe4 29. Rd2 e3 30. Re2 Rd5 31. Kg1 Rd2 32. Re1 e2+ 33. Kh2 Rd1 34. Rxe2 c6 35. bxc6 Bc7+ 36. g3 Rd4 37. Re7 Bb6 38. c7 Rc4 39. Re8+ Kg7 40. Re7 Bxc7 41. Re1 Rxa4 42. Rc1 Be5 43. Rc5 Bf6 44. Rf5 Ra1 45. Rb5 a4 46. Kg2 a3 47. Ra5 Ra2+ 48. Kf3 Be7 49. Ra7 Kf6 50. g4 h6 51. h4 Rb2 52. g5+ hxg5 53. h5 a2 54. h6 Kg6 55. Ra6+ Bf6 56. h7 Kxh7 57. Kg3 Rd2 0-1

[Event "Oravska Priehrada op"]
[Site "Namestovo"]
[Date "2017.08.26"]
[Round "3"]
[White "Malinovsky, Jozef"]
[Black "Souralova, Jana"]
[Result "1-0"]
[WhiteElo "1793"]
[BlackElo "1000"]
[PlyCount "93"]
[EventDate "2017.08.25"]
[EventType "swiss"]
[EventRounds "7"]
[EventCountry "SVK"]
[SourceTitle "CBM 180 Extra"]
[Source "ChessBase"]
[SourceDate "2017.10.06"]
[SourceVersion "1"]
[SourceVersionDate "2017.10.06"]
[SourceQuality "1"]

1. Nf3 c5 2. Nc3 Nc6 3. e3 Nf6 4. d4 e6 5. Be2 Be7 6. 0-0 0-0 7. d5 Nxd5 8. Nxd5 exd5 9. Qxd5 Nb4 10. Qd1 d5 11. a3 Nc6 12. c3 Bf5 13. Bd3 Bxd3 14. Qxd3 c4 15. Qf5 Bh4 16. Nxh4 Qxh4 17. Qxd5 Rad8 18. Qf3 Ne5 19. Qxb7 Ng4 20. Qc7 f5 21. Qxc4+ Kh8 22. Qf4 Rc8 23. Qg3 Qh5 24. h3 Nf6 25. Qf3 Qxf3 26. gxf3 Rc4 27. Rd1 Rh4 28. Kh2 Nh5 29. Rd4 Rxd4 30. exd4 Nf6 31. Bf4 Nd5 32. Be5 Rd8 33. Rg1 Rg8 34. c4 Nb6 35. b3 a5 36. Bc7 a4 37. Bxb6 axb3 38. Rb1 Rb8 39. Rxb3 h6 40. d5 Kg8 41. a4 Kf7 42. a5 Ke7 43. Bc5+ Kd7 44. Rxb8 Kc7 45. Rg8 Kb7 46. Rxg7+ Ka6 47. Ra7# 1-0

[Event "CZE-ch U10 Girls"]
[Site "Kouty nad Desnou"]
[Date "2017.03.16"]
[Round "7"]
[White "Souralova, Jana"]
[Black "Hladka, Leontyna"]
[Result "1-0"]
[WhiteElo "1000"]
[BlackElo "1000"]
[PlyCount "115"]
[EventDate "2017.03.11"]
[EventType "swiss"]
[EventRounds "9"]
[EventCountry "CZE"]
[SourceTitle "CBM 177 Extra"]
[Source "ChessBase"]
[SourceDate "2017.04.27"]
[SourceVersion "1"]
[SourceVersionDate "2017.04.27"]
[SourceQuality "1"]

1. e4 e5 2. Nf3 Nc6 3. Bc4 Bc5 4. 0-0 Nf6 5. d3 h6 6. Nc3 d6 7. h3 0-0 8. Bd5 Bd4 9. Nxd4 Nxd4 10. Be3 Nc6 11. Bxc6 bxc6 12. d4 exd4 13. Bxd4 c5 14. Be3 Ba6 15. Re1 Rb8 16. b3 Bb7 17. Nd5 Bxd5 18. exd5 Ne4 19. Bf4 Qf6 20. Be3 Qg6 21. Qd3 Rfe8 22. f3 Rbd8 23. fxe4 Re5 24. Bf4 Rh5 25. Qe2 Rxh3 26. Qa6 Rf3 27. Rf1 Rxf1+ 28. Rxf1 h5 29. Qxa7 Re8 30. Qxc7 Rxe4 31. Bxd6 h4 32. Rf2 h3 33. Qc8+ Kh7 34. Qf5 Qxf5 35. Rxf5 Rg4 36. Kh2 Rh4 37. gxh3 Kg6 38. Rf4 Rxf4 39. Bxf4 f5 40. Kg3 Kh5 41. a4 Kg6 42. a5 Kf7 43. a6 Ke7 44. a7 Kd7 45. a8Q g6 46. Qc6+ Ke7 47. Qxg6 Kd7 48. Qf6 Kc8 49. Qe7 c4 50. Bg5 cxb3 51. cxb3 Kb8 52. Qd7 Ka8 53. Kf4 Kb8 54. Ke5 Ka8 55. Kd6 Kb8 56. Kc6 f4 57. Bxf4+ Ka8 58. Qb7# 1-0

[Event "CZE-ch U10 Girls"]
[Site "Kouty nad Desnou"]
[Date "2017.03.13"]
[Round "4"]
[White "Souralova, Jana"]
[Black "Coufalova, Laura"]
[Result "0-1"]
[WhiteElo "1000"]
[BlackElo "1100"]
[PlyCount "34"]
[EventDate "2017.03.11"]
[EventType "swiss"]
[EventRounds "9"]
[EventCountry "CZE"]
[SourceTitle "CBM 177 Extra"]
[Source "ChessBase"]
[SourceDate "2017.04.27"]
[SourceVersion "1"]
[SourceVersionDate "2017.04.27"]
[SourceQuality "1"]

1. e4 e5 2. Nf3 Nc6 3. Bc4 Nf6 4. Nc3 Bc5 5. 0-0 0-0 6. d3 d6 7. Bg5 Bg4 8. h3 Bh5 9. Nd5 Nd4 10. c3 Nxf3+ 11. gxf3 c6 12. Kh1 cxd5 13. Bxf6 Qxf6 14. exd5 Bxf3+ 15. Kh2 Qf4+ 16. Kg1 Qg5+ 17. Kh2 Qg2# 0-1